Handbook of library and information science / (Record no. 102377)

MARC details
000 -LEADER
fixed length control field 01069nam a22002537a 4500
005 - DATE AND TIME OF LATEST TRANSACTION
control field 20181205112504.0
010 ## - LCCN (DPL NO)
LC control number 1617EN ENG-117585
020 ## - INTERNATIONAL STANDARD BOOK NUMBER
International Standard Book Number 9788185708560
Terms of availability 1350.00
035 ## - SYSTEM CONTROL NUMBER
System control number B-647518-523
035 ## - SYSTEM CONTROL NUMBER
System control number EN-101117
035 ## - SYSTEM CONTROL NUMBER
System control number B-666085
037 ## - SOURCE OF ACQUISITION
Stock number dpl
Source of stock number/acquisition Variety
037 ## - SOURCE OF ACQUISITION
Source of stock number/acquisition DBAD/PUB
082 ## - DEWEY DECIMAL CLASSIFICATION NUMBER
Classification number 020
100 ## - MAIN ENTRY--PERSONAL NAME
Personal name Sudha Rani
245 ## - TITLE STATEMENT
Title Handbook of library and information science /
Statement of responsibility, etc by Sudha Rani Y.
260 ## - PUBLICATION, DISTRIBUTION, ETC. (IMPRINT)
Place of publication, distribution, etc New Delhi
Name of publisher, distributor, etc SBW Pub.
Date of publication, distribution, etc 2015
270 ## - ADDRESS
Address 4831/24, Prahlad Gali, Ansari Road, Darya Ganj,
City New Delhi
Postal code 110002
300 ## - PHYSICAL DESCRIPTION
Extent viii,340p.
Dimensions 25cm(Hb)
500 ## - GENERAL NOTE
General note Includes bibliographical references and index
942 ## - ADDED ENTRY ELEMENTS (KOHA)
Source of classification or shelving scheme Dewey Decimal Classification
Item type English Books
Call number suffix SUD
Classification part 020
Holdings
Withdrawn status Lost status Not for loan Collection code Home library Current library Date acquired Source of acquisition Cost, normal purchase price Full call number Barcode Copy number Cost, replacement price Koha item type
      Non-fiction Ashok Vihar Ashok Vihar 12/05/2017 BPPD/EN/2016-17/AV/16-17/474/15.2.2017/1428/7.3.2017/ 10.3.2017 1350.00 020 SUD B-666085 1 1350.00 English Books
    Not For Loan Non-fiction D.B.Act.Division Bawana 27/03/2017 DBAD//PUB 1350.00 020 SUD EN-101117 1 1350.00 English Books
      Non-fiction Central Library Central Library 27/03/2017 BPPD/EN/2016-17/308/24.11.2016/IN1369/5.12.2016/2.1.2017 1350.00 020 SUD B-647518 1 1350.00 English Books
      Non-fiction Janak Puri Janak Puri 27/03/2017 BPPD/EN/2016-17/308/24.11.2016/IN1369/5.12.2016/2.1.2017 1350.00 020 SUD B-647521 1 1350.00 English Books
      Non-fiction New Police Line New Police Line 27/03/2017 BPPD/EN/2016-17/308/24.11.2016/IN1369/5.12.2016/2.1.2017 1350.00 020 SUD B-647519 1 1350.00 English Books
      Non-fiction Patel Nagar Patel Nagar 27/03/2017 BPPD/EN/2016-17/308/24.11.2016/IN1369/5.12.2016/2.1.2017 1350.00 020 SUD B-647520 1 1350.00 English Books
      Non-fiction Sarojini Nagar Sarojini Nagar 27/03/2017 BPPD/EN/2016-17/308/24.11.2016/IN1369/5.12.2016/2.1.2017 1350.00 020 SUD B-647522 1 1350.00 English Books
      Non-fiction Shahdara Branch Shahdara Branch 27/03/2017 BPPD/EN/2016-17/308/24.11.2016/IN1369/5.12.2016/2.1.2017 1350.00 020 SUD B-647523 1 1350.00 English Books

© Delhi Public Library
Hit Counter
free hit counter